Tygodnik "Mazur" ostródzki, 14.XI.1883 - 19.XI.1884
| Titel: | Tygodnik "Mazur" ostródzki, 14.XI.1883 - 19.XI.1884 |
|---|---|
| Verfasser: | |
| In: |
Bibliotekarz Olsztyński, Heft 3 (1983), Seite 21-22 alle Artikel anzeigen |
| Veröffentlicht: | 1983 |
| Format: | Aufsatz |
| Sprache: | Polnisch |
X
alg: 39192765 001A $01999:11-11-16 001B $01999:16-05-21 $t20:17:41.000 001D $01999:11-11-16 001U $0utf8 001X $00 002@ $0Aox 003@ $0391927655 007A $0391927655 $aHEB 007T $0Herd20422 010@ $apol 011@ $a1983 021A $aTygodnik "Mazur" ostródzki, 14.XI.1883 - 19.XI.1884 027A $aDas Osteroder Wochenblatt "Masur" 028A $aDominik $dAnna 031A $e3 $h21-22 $j1983 039B $aIn $8--Abvc--. Bibliotekarz Olsztyński. - Olsztyn : Woj. Bibl. Publ., 1983-1998. - ISSN 1426-4218 $x198300000000003979 $9287103307 045F $a307.094382 $eDDC23BSB 045F/01 $a307.09 045F/03 $g4382 045F/03 $g43832 046C $aDas Osteroder Wochenblatt "Masur" $bÜbers. des Hauptsacht. lok: 39192765 78 exp: 39192765 78 1 #EPN 201B/01 $020-11-25 $t14:00:59.000 201U/01 $0utf8 203@/01 $0788023489 208@/01 $a11-11-16 $be 209A/01 $a/ $f000 $x00 220C/01 $aTitelaufnehmer: kl 244Z/01 $2Trx $#Prusy Wschodnie i Zachodnie $8--Trx--Ost- und Westpreußen $x01 $939113373X 244Z/01 $75086170-0 $8--Tg1--Ostróda $x02 $9044988486 244Z/01 $aGeschichte 1883-1884 $x03 244Z/01 $2Trx $#ajalehed $#spauda $#Print media $#sajtó $#prasa $#tlač $#tisk $#Zeitungen $#press $#gazety $8--Trx--Presse $x04 $9391383264 244Z/01 $2Trx $8--Trx--Zeitschriftenaufsatz $x05 $9391384341 245Z/01 $a13.03 $x01 245Z/01 $a11.06 $x02 247C/01 $82080>Marburg/Lahn, Herder-Institut, Forschungsbibliothek, Bibliographieportal $9336309341
| LEADER | 00000caa a22000002c 4500 | ||
|---|---|---|---|
| 001 | 391927655 | ||
| 003 | DE-603 | ||
| 005 | 20210516201741.0 | ||
| 007 | tu | ||
| 008 | 161111s1983 xx |||| | u00||u|pol c | ||
| 035 | |a (DE-599)HEB391927655 | ||
| 040 | |a DE-603 |b ger |c DE-603 |d DE-603 | ||
| 041 | |a pol | ||
| 082 | 0 | 4 | |8 1\u |a 307.094382 |q DE-101 |2 23/BSB |
| 085 | |8 1\u |b 307.09 | ||
| 085 | |8 1\u |z 2 |s 4382 | ||
| 085 | |8 1\u |z 2 |s 43832 | ||
| 100 | 1 | |a Dominik, Anna | |
| 245 | 0 | 0 | |a Tygodnik "Mazur" ostródzki, 14.XI.1883 - 19.XI.1884 |
| 246 | 1 | |i Übers. des Hauptsacht. |a Das Osteroder Wochenblatt "Masur" | |
| 246 | 1 | 3 | |a Das Osteroder Wochenblatt "Masur" |
| 264 | 0 | |c 1983 | |
| 773 | 0 | 8 | |i In |t Bibliotekarz Olsztyński |d Olsztyn : Woj. Bibl. Publ., 1983-1998 |x 1426-4218 |g Heft 3 (1983), Seite 21-22 |w (DE-603)287103307 |w (DE-600)2645626-6 |
| 924 | 0 | |9 2080 |a (DE-603)788023489 |b DE-2080 |c HES |d d |g / | |


